Songs In Fearless In Alphabetical Order - Statistics

General Stats
  • This quiz has been taken 14 times
  • The average score is 21 of 25
Answer Stats
Songs % Correct
Fearless
100%
Forever & Always
100%
Love Story
100%
Bye Bye Baby
86%
Change
86%
Come In With The Rain
86%
Breathe (feat. Colbie Caillat)
86%
Superstar
86%
Don't You
86%
Fifteen
86%
Hey Stephen
86%
Jump Then Fall
86%
Mr. Perfectly Fine
86%
Tell Me Why
86%
That's When (feat. Keith Urban)
86%
The Best Day
86%
White Horse
86%
You Belong With Me
86%
The Other Side Of The Door
71%
The Way I Loved You
71%
Today Was A Fairytale
71%
Untouchable
71%
We Were Happy
71%
You All Over Me (feat. Maren Morris)
71%
You're Not Sorry
71%
No matching quizzes found
Score Distribution
Percent of People with Each Score
Percentile by Number Answered
Your Score History
You have not taken this quiz